000
00305nam a22001337a 4500
008
171023b xxu||||| |||| 00| 0 eng d
020
_a
0060417218
041
_a
eng
080
_a
311
100
_a
55
101
_a
STA
245
_a
DESCRIPTIVE AND INFERENTIAL STATISTICS
_c
DOWNIE,N,M
942
_2
udc
_c
BK
999
_c
35541
_d
35541